1303 1587 1089 1030 1839 1497 1484 1973 1231 1263 1507 1514 1051 1581 1667 1451 1399 1133 1394 1359 1067 1962 1834 1994 1998 1128 1401 1632 1608 1890 1914 1244 1378 1802 1543 1004 1017 1161 1901 1917 1412 1403 1687 1266 1247 1570 1496 1473 1192 1647 1435 1345 1618 1303 1662 1417 1264 1888 1854 1245 1309 1261 1630 1679 1008 1557 1978 1897 1409 1114 1420 1146 1350 1635 1187 1305 1695 1302 1300 1146 1307 1754 1607 1880 1851 1088 1524 1956 1268 1078 1470 1953 1950 1490 1236 1560 1341 1827 1965 BCNSPRNW ULIB Ver.6.0+V

เปลี่ยนเป็นภาษาไทย

Change to English
 แสดงรายละเอียดบรรณานุกรม
  กลับหน้าหลัก

Brief Record : Get Marc (ISO 2709) : E-mail record : QR code < ปิดหน้าต่าง
LEADER : 00000nas 2200000uu 4500
001    13399128332
003     ULIB
008    230613s2566||||th 000 0 tha d
022 0  01251996
245 00 ^aบ้านและสวน (วิทยาเขตสวรรค์ประชารักษ์)
310    ^aรายเดือน
850 ^a ULIB^bฉบับที่ 561 ปีที่ 47 ฉ.1 ;ฉบับที่ 562 ปีที่ 47 ฉ.1 ;ฉบับที่ 563 ปีที่ 47 ฉ.1 ;ฉบับที่ 564 ปีที่ 47 ฉ.1 ;ฉบับที่ 565 ปีที่ 48 ฉ.1
945    ^p130^l0^i906139
945    ^p130^l0^i906140
945    ^p130^l0^i906159
945    ^p130^l0^i906182
945    ^p130^l0^i906201
999    ^aประนอม เกษจรัล
รายการนี้ยังไม่มีแท็ก
คุณยังไม่ได้ล็อกอิน คุณสามารถมีกิจกรรมร่วมกับเว็บไซต์ได้ แต่ต้องล็อกอินก่อน ::
  ล็อกอิน

รายการสื่อสารสนเทศ (วารสาร)

ดูแบบ: กล่อง รายการ
ARRIVED
ฉบับที่ 561 ปีที่ 47 ฉ.1
สถานที่: ห้องสมุดวิทยาเขตสวรรค์ประชารักษ์ >วารสาร
ARRIVED
ฉบับที่ 562 ปีที่ 47 ฉ.1
สถานที่: ห้องสมุดวิทยาเขตสวรรค์ประชารักษ์ >วารสาร
ARRIVED
ฉบับที่ 563 ปีที่ 47 ฉ.1
สถานที่: ห้องสมุดวิทยาเขตสวรรค์ประชารักษ์ >วารสาร
ARRIVED
ฉบับที่ 564 ปีที่ 47 ฉ.1
สถานที่: ห้องสมุดวิทยาเขตสวรรค์ประชารักษ์ >วารสาร
ARRIVED
ฉบับที่ 565 ปีที่ 48 ฉ.1
สถานที่: ห้องสมุดวิทยาเขตสวรรค์ประชารักษ์ >วารสาร

BibComment


ยังไม่เคยถูกคอมเมนท์

คอมเมนท์ทรัพยากรรายการนี้
  คอมเมนท์: บ้านและสวน วิทยา..


 Copyright 2026. Bcnsprnw @Library